000 00979nam a22003137a 4500
003 CHAP
005 20220329132945.0
008 971013s1986 r 00010 d
010 _a655
011 _a1627
035 _a803
040 _cCHAP
090 _aTesis
100 0 0 _aJiménez Velázquez, Marcela.
_961673
245 _aCanales y márgenes de comercialización del sorgo (Sorghum bicolr Muench)
260 _aChapingo, Méx. :
_bEl autor,
_c1986
300 _a57 h.
500 _a37-129
502 _aTesis (Ing. Agr. Esp. en Fitotecnia) -- UACH. Departamento de Fitotecnia
590 _aALEPH
_b10
_c20130110
_lUCH01
_h1206
590 _aBATCH-UPD
_b10
_c20130110
_lUCH01
_h1943
590 _aBATCH-UPD
_b10
_c20130410
_lUCH01
_h1306
590 _aBATCH-UPD
_b10
_c20130914
_lUCH01
_h1704
590 _aCONVERSION
_b10
_c20130109
_lUCH01
_h1302
650 1 4 _aSorgo
_xMercadeo.
_9108695
901 _aBK
942 _cTESIS
949 _bBC
_cTES
_d-10262
_eTS1
_h22734
_i803
_si
999 _c655
_d655